01102 a2200181 45000010006000000050017000060080041000230030015000640400040000790800085001192450024002042640075002283000025003035050536003280410008008641000029008727000019009014503120260407155725.0260407a1981 arg spa dAR-UNSa-BCEJYS aAR-UNSa-BCEJYSbspacAR-UNSa-BCEJYS a330.342.146xEconomía social de mercado. Economía del estado del bienestar 10aEl orden del futuro 1aBuenos Aires :bEUDEBA (Editorial Universitaria de Buenos Aires)c1981 aviii, 284 p.c23 cm. a1. Economía social de mercado : hoy y mañana – 2. Forma y contenido – 3. La economía social de mercado a un cuarto de siglo de su puesta a prueba – 4. La controversia ideológica. La futura sociedad comunista. Una alternativa de la economía social de mercado – 5. Contestaciones político-económicas a los desafíos de nuestros tiempos – 6. Respuestas político-sociales a los desafíos de nuestro tiempo – 7. La economía social de mercado como modelo internacional – 8. Entre oriente y occidente.  aspa1 aMüller- Armack, Alfred1 aErhard, Ludwig